| 000 | 00698nam a2200253Ia 4500 | ||
|---|---|---|---|
| 003 | OSt | ||
| 005 | 20220918163321.0 | ||
| 006 | a|||||r|||| 00| 0 | ||
| 007 | ta | ||
| 008 | 220917b |||||||| |||| 00| 0 eng d | ||
| 020 | _a0 521 84346 4 | ||
| 024 | _a225,599 | ||
| 037 | _cTextual | ||
| 040 |
_aARTS _cARTS _beng |
||
| 041 |
_2eng _aeng |
||
| 082 | _aO111,3L75:g(Y), P4 | ||
| 100 |
_aKnox-Shaw Peter _912640 |
||
| 245 | 0 | _aJane Austen and the enlightenment | |
| 260 |
_aCambridge _bCambridge Univ.press UK _c2004 |
||
| 300 |
_axi, 275p _ccm. |
||
| 650 | _aENGLISH LITERATURE | ||
| 942 |
_hO111,3L75:g(Y), P4 _cTEXL _2CC |
||
| 999 |
_c119067 _d119067 |
||